| 000 | 00787cab a2200265 4500 | ||
|---|---|---|---|
| 001 | WB3003-09 | ||
| 008 | 090401t1994 xxu||||| |||| 00| 0 eng d | ||
| 035 | _a(Sirsi) u53240 | ||
| 041 | _aeng | ||
| 245 | _aTesco reins in expansion plans | ||
| 260 | _c1994 | ||
| 350 | _a0 | ||
| 490 |
_aFinancial Times _v20 January 1994, 21,22(2) |
||
| 520 | _aIdentifying a saturated market for superstores, Tesco is reducing its development programme, selling land and amortising its land premiums. | ||
| 650 | _aACCOUNTING POLICY | ||
| 650 | _aEXPANSION PLANS | ||
| 650 | _aLAND PREMIUMS | ||
| 650 | _aRETAILERS | ||
| 650 | _aRETAILING | ||
| 650 | _aSUPERMARKETS | ||
| 650 | _aTESCO | ||
| 690 | _aPROPERTY-COMMERCIAL PROPERTY-RETAIL PROPERTY | ||
| 942 | _n0 | ||
| 948 | _c04/03/1997 | ||
| 999 |
_c32835 _d32835 |
||